| 000 -ლიდერი |
| ფიქსირებული სიგრძის საკონტროლო ველი |
01440nam a2200277Ia 4500 |
| 001 - საკონტროლო ნომერი |
| საკონტროლო ველი |
3680 |
| 003 - საკონტროლო ნომრის იდენტიფიკატორი |
| საკონტროლო ველი |
GE_BSU |
| 005 - ბოლო ოპერაციის თარიღი და დრო |
| საკონტროლო ველი |
20190627190902.0 |
| 008 - ფიქსირებული სიგრძის მონაცემთა ელემენტები - ზოგადი ინფორმაცია |
| ფიქსირებული სიგრძის საკონტროლო ველი |
181216s2008||||ge |||||||||||||| ||geo|| |
| 010 ## - კონგრესის ბიბლიოთეკის საკონტროლო ნომერი |
| LC საკონტროლო ნომერი |
|
| 020 ## - წიგნის საერთაშორისო სტანდარტული ნომერი |
| International Standard Book Number |
978-9941-0-0802-3 (წ. 7) : |
| 040 ## - კატალოგიზაციის წყარო |
| Transcribing agency |
GE_BSU |
| 041 ## - ენის კოდი |
| Language code of text/sound track or separate title |
geo |
| 080 ## - უნივერსალური ათობითი კლასიფიკაციის ინდექსი |
| Universal Decimal Classification number |
327(7/8) ტ–87 |
| 100 ## - მთავარი ჩანაწერი - პიროვნების სახელი |
| Personal name |
ტატიშვილი, ზურაბ |
| 9 (RLIN) |
3008 |
| 245 ## - ცნობა სათაურის შესახებ |
| Title |
ლათინური ამერიკა : |
| Remainder of title |
პოპულისტური რეჟიმებიდან ლიბერალური დემოკრატიებისაკენ / |
| Statement of responsibility, etc |
ზურაბ ტატიშვილი ; ბთკკ-პოლიტიკის კვლ. ჯგ. |
| 264 ## - წარმოების, გამოცემის, დისტრიბუციის და სხვა ცნობები |
| გამოცემის, წარმოების, დისტრიბუციის... ადგილი |
თბ. : |
| გამოცემის, წარმოების, დისტრიბუციის... სახელწოდება |
ბთკკ, |
| გამოცემის, წარმოების, დისტრიბუციის... თარიღი |
2008. |
| 300 ## - ფიზიკური აღწერა |
| Extent |
85 გვ. ; |
| Other physical details |
20 სმ. |
| 300 ## - ფიზიკური აღწერა |
| Accompanying material |
ბიბლ. გვ83–85 |
| 490 ## - სერიის ცნობა |
| Series statement |
ბთკკ-საერთაშორისო პოლიტიკის კვლევების სერია ; წ. 7 |
| 504 ## - BIBLIOGRAPHY, ETC. NOTE |
| Bibliography, etc |
ბიბლიოგრ. ტექსტ. შენიშვნ. და გვ. 83-85. |
| 520 ## - SUMMARY, ETC. |
| Summary, etc |
რეზ. ინგლ. |
| 653 ## - INDEX TERM--UNCONTROLLED |
| Uncontrolled term |
პოლიტიკური პროცესები ლათინური ამერიკის ქვეყნებში |
| 653 ## - INDEX TERM--UNCONTROLLED |
| Uncontrolled term |
დემოკრატია ლათინური ამერიკის ქვეყნებში |
| 942 ## - ADDED ENTRY ELEMENTS (KOHA) |
| Koha item type |
წიგნი |
| Source of classification or shelving scheme |
|